Guerilla marketing a právo proti nekalej súťaži bakalárska práca

Salvato in:
Dettagli Bibliografici
Autore principale: Šporer, Nikolas
Ente Autore: Obchodná fakulta EU. Katedra obchodného práva
Altri autori: Hutta, Michal, 1982-
Natura: Libro
Lingua:slovacco
Pubblicazione: Bratislava 2025
Tags: Aggiungi Tag
Nessun Tag, puoi essere il primo ad aggiungerne!!

MARC

LEADER 00000nbm a2200000 4500
001 0311149
005 20260319141339.3
041 0 |a slo 
044 |a SK 
245 1 0 |a Guerilla marketing a právo proti nekalej súťaži  |b bakalárska práca  |c Nikolas Šporer ; školiteľ: Michal Hutta 
264 1 |a Bratislava  |c 2025 
300 |a 47 s. 
100 1 |a Šporer, Nikolas 
700 1 |a Hutta, Michal, 1982- 
710 2 |a Obchodná fakulta EU. Katedra obchodného práva